000 00900nam a2200265Ia 4500
003 OSt
005 20221005105813.0
006 a|||||r|||| 00| 0
007 ta
008 221004b |||||||| |||| 00| 0 hin d
020 _a9788171382354 (hbk)
024 _a26709
037 _bGift, 10/05/2016,
_cTextual
040 _aCRL
_cCRL
_bhin
041 _2hin
_ahin
082 _aO152,6N682x, Q1
100 _aजायसवाल, रंजना
245 0 _aस्त्री और सेंसेक्स
246 _aStrī aur seanseksa
260 _aनई दिल्ली
_bसामायिक प्रकाशन भारत
_c2011
300 _a175पृ0
_ccm.
650 _aहिन्दी साहित्य
942 _hO152,6N682x, Q1
_cTEXL
_2cc
999 _c1016949
_d1016949